01258cam a22003011 4500001001300000003000400013005001700017008004100034010001700075035001900092040004900111042001200160050001300172110003300185245013900218260001900357300001900376500013900395500009300534500002700627650004700654650001300701650003400714650004700748711011200795700003200907999001700939l 50000011 DLC20260227111541.0760712s1949 sz i000 0 eng c al 50000011  a(OCoLC)2306216 aU.S. Dept. of Labor LibrarycWEUdOCoLCdDLC apremarc00aE65b.I52 aInternational Labour Office.10aConditions of life and work of indigenous populations of Latin American countries.bReport submitted on the second item on the agenda. aGeneva,c1949. a142 p.c24 cm. aAt head of title: Report 2. 4th Conference of American States Members of the International Labour Organisation, Montevideo, Apr. 1949. aAppendix (p. [117]-142): Historical antecedents of the Indian problem, by V.G. Garcés. aErratum slip inserted. 0aLabor and laboring classeszLatin America. 0aIndians. 0aIndiansxEconomic conditions. 0aLabor laws and legislationzLatin America.2 aConference of American States Members of the International Labour Organisationn(4th :d1949 :cMontevideo)1 aGarcés, Víctor Gabriel. c36668d36668